[Event "EU-ch U18 Girls 23rd"]
[Site "Budva"]
[Date "2013.10.05"]
[Round "6"]
[White "Nicolajsen, Thea"]
[Black "Serefidou, Despina"]
[Result "0-1"]
[WhiteElo "1782"]
[BlackElo "1968"]
[PlyCount "116"]
[EventDate "2013.09.29"]
[EventType "swiss"]
[EventRounds "9"]
[EventCountry "MNE"]
[SourceTitle "CBM 156 Extra"]
[Source "ChessBase"]
[SourceDate "2013.10.22"]
[SourceVersion "1"]
[SourceVersionDate "2013.10.22"]
[SourceQuality "1"]

1. d4 Nf6 2. c4 e6 3. Nc3 Bb4 4. e3 0-0 5. Bd3 d5 6. Nf3 c5 7. a3 Bxc3+ 8. bxc3 dxc4 9. Bxc4 Nc6 10. 0-0 Qc7 11. Qc2 e5 12. Bd3 Re8 13. e4 cxd4 14. cxd4 exd4 15. Nxd4 Ng4 16. Nf3 Qd6 17. g3 Qf6 18. Bf4 Nge5 19. Nxe5 Nxe5 20. Bxe5 Qxe5 21. f4 Qd4+ 22. Kg2 b6 23. Rab1 Bb7 24. Rb4 Qd6 25. Kg1 Rac8 26. Qe2 Rc3 27. Rd1 Rd8 28. Bc2 Qc5+ 29. Kh1 Rxd1+ 30. Bxd1 f5 31. Qa2+ Kf8 32. Qe6 Rc1 33. Qd7 Bxe4+ 34. Rxe4 fxe4 35. Qd8+ Kf7 36. Kg2 Rc3 37. Bg4 Qc7 38. Qd5+ Kf8 39. Qf5+ Qf7 40. Qxh7 Rc2+ 41. Kh3 Qf6 42. Bh5 Qc6 43. f5 Qh6 44. Qxh6 gxh6 45. g4 Rc3+ 46. Kg2 Rxa3 47. h4 Ra5 48. Bg6 Re5 49. Kf2 e3+ 50. Ke2 a5 51. f6 a4 52. g5 hxg5 53. h5 Re6 54. Bc2 b5 55. h6 Rxf6 56. h7 Kg7 57. Kxe3 Rf4 58. Ke2 a3 0-1

[Event "DEN-ch Rapid (Women)"]
[Site "Middelfart"]
[Date "2012.09.29"]
[Round "6"]
[White "Morling, Aase"]
[Black "Nicolajsen, Thea"]
[Result "0-1"]
[WhiteElo "1305"]
[BlackElo "1718"]
[PlyCount "134"]
[EventDate "2012.09.29"]
[EventType "swiss (rapid)"]
[EventRounds "6"]
[EventCountry "DEN"]
[SourceTitle "EXT 2023"]
[Source "ChessBase"]
[SourceDate "2022.10.05"]
[SourceVersion "1"]
[SourceVersionDate "2022.10.05"]
[SourceQuality "1"]

1. e4 c6 2. d4 d5 3. exd5 cxd5 4. c4 e6 5. Nc3 Nf6 6. cxd5 Nxd5 7. Nxd5 exd5 8. Nf3 Bg4 9. h3 Bb4+ 10. Bd2 Bxd2+ 11. Qxd2 Bxf3 12. gxf3 Qe7+ 13. Qe2 Qxe2+ 14. Bxe2 Nc6 15. Bb5 Kd7 16. Kd2 Rac8 17. Rac1 Kd6 18. Bxc6 Rxc6 19. Rc3 Re8 20. Re1 Rxc3 21. bxc3 Rc8 22. Kd3 Rc6 23. Rc1 b5 24. a3 Ra6 25. Ra1 Ra4 26. Ra2 Ke6 27. Ke3 Kf5 28. f4 Rc4 29. Rc2 Rc6 30. f3 Re6+ 31. Kd3 Kxf4 32. Rb2 a6 33. Rg2 g6 34. Rg4+ Kxf3 35. Rg5 f5 36. h4 Re3+ 37. Kc2 Re2+ 38. Kb3 Rh2 39. Kb4 Ra2 40. h5 gxh5 41. Rxh5 f4 42. Rxh7 Ke3 43. Re7+ Kd3 44. Rf7 Ke3 45. Re7+ Kf2 46. Re5 f3 47. Rxd5 Ke1 48. Kb3 Re2 49. c4 bxc4+ 50. Kxc4 f2 51. Rf5 f1Q 52. Rxf1+ Kxf1 53. Kc5 Ra2 54. Kb4 Ke2 55. d5 Ke3 56. d6 Rd2 57. Kc5 Ke4 58. Kc6 Ke5 59. d7 Ke6 60. Kb6 Rd6+ 61. Kc7 Rxd7+ 62. Kb6 Rd6+ 63. Ka5 Ke5 64. a4 Kd5 65. Kb4 Kc6 66. a5 Rd4+ 67. Kc3 Ra4 0-1

[Event "DEN-ch Rapid (Women)"]
[Site "Middelfart"]
[Date "2012.09.29"]
[Round "5"]
[White "Nicolajsen, Thea"]
[Black "Greeuw, Sietske"]
[Result "0-1"]
[WhiteElo "1718"]
[BlackElo "1940"]
[PlyCount "132"]
[EventDate "2012.09.29"]
[EventType "swiss (rapid)"]
[EventRounds "6"]
[EventCountry "DEN"]
[SourceTitle "EXT 2023"]
[Source "ChessBase"]
[SourceDate "2022.10.05"]
[SourceVersion "1"]
[SourceVersionDate "2022.10.05"]
[SourceQuality "1"]

1. d4 Nf6 2. c4 c5 3. d5 b5 4. cxb5 a6 5. Nc3 g6 6. e4 d6 7. Nf3 Nbd7 8. Bf4 Bg7 9. bxa6 Qa5 10. Bd2 0-0 11. Qc2 Bxa6 12. Be2 Bxe2 13. Nxe2 Qa4 14. Qxa4 Rxa4 15. Nc3 Rb4 16. Ng5 Rxb2 17. Na4 Rc2 18. Nc3 h6 19. Kd1 Rxd2+ 20. Kxd2 hxg5 21. f3 Nh5 22. h4 gxh4 23. Rxh4 Ra8 24. g4 Nf4 25. a4 c4 26. a5 Nc5 27. Ra2 Nb3+ 28. Kc2 Rxa5 29. Rxa5 Nxa5 30. Nb5 Nb3 31. g5 Ng2 32. Rh2 Ne1+ 33. Kb1 Nxf3 34. Rg2 Nbd2+ 35. Kc2 Nxe4 36. Re2 Nfxg5 37. Nc7 f5 38. Na6 Kf7 39. Nb4 Be5 40. Nc6 Bg7 41. Nd8+ Kf8 42. Nc6 Nf3 43. Rg2 Nd4+ 44. Nxd4 Bxd4 45. Rxg6 Kf7 46. Rh6 Nf6 47. Rh4 Ng4 48. Kd2 Kg6 49. Rh3 Kg5 50. Rh7 Kf4 51. Rxe7 c3+ 52. Kc1 Ne3 53. Re6 Be5 54. Rh6 Nxd5 55. Rh4+ Kg3 56. Rc4 Kf2 57. Rc6 Ke2 58. Rc4 Ne3 59. Rh4 Kd3 60. Rh3 d5 61. Rf3 f4 62. Kb1 Ke2 63. Rh3 d4 64. Rh5 c2+ 65. Kc1 Bd6 66. Rh6 Ba3# 0-1

[Event "EU-ch U16 Girls"]
[Site "Prague"]
[Date "2012.08.21"]
[Round "5"]
[White "Nicolajsen, Thea"]
[Black "Federovski, Adi"]
[Result "0-1"]
[WhiteElo "1691"]
[BlackElo "1851"]
[PlyCount "79"]
[EventDate "2012.08.17"]
[EventType "swiss"]
[EventRounds "9"]
[EventCountry "CZE"]
[SourceTitle "CBM 150 Extra"]
[Source "ChessBase"]
[SourceDate "2012.10.19"]
[SourceVersion "1"]
[SourceVersionDate "2012.10.19"]
[SourceQuality "1"]

1. d4 Nf6 2. c4 c5 3. d5 b5 4. cxb5 a6 5. Nc3 g6 6. e4 d6 7. Nf3 Nbd7 8. Bf4 Nh5 9. Bg5 Bg7 10. Qc2 h6 11. Bd2 0-0 12. g4 Nhf6 13. g5 hxg5 14. Nxg5 axb5 15. Bxb5 Qb6 16. Bc6 Rb8 17. Na4 Qa7 18. Bc3 c4 19. h4 Bh6 20. 0-0-0 Ne5 21. Bxe5 dxe5 22. d6 Bg4 23. dxe7 Qxe7 24. Rdg1 Rbc8 25. Bd5 Nxd5 26. f4 Nb4 27. Qh2 Bh5 28. a3 Nd3+ 29. Kb1 Nxf4 30. Nb6 Rc7 31. Nd5 Nxd5 32. exd5 Rd7 33. Qc2 Rxd5 34. Qxc4 Rc5 35. Qa2 Bxg5 36. hxg5 e4 37. Rxh5 gxh5 38. g6 Rg5 39. gxf7+ Rxf7 40. Re1 0-1

[Event "EU-ch U16 Girls"]
[Site "Prague"]
[Date "2012.08.20"]
[Round "4"]
[White "Gogishvili, Dea"]
[Black "Nicolajsen, Thea"]
[Result "1-0"]
[WhiteElo "1875"]
[BlackElo "1691"]
[PlyCount "79"]
[EventDate "2012.08.17"]
[EventType "swiss"]
[EventRounds "9"]
[EventCountry "CZE"]
[SourceTitle "CBM 150 Extra"]
[Source "ChessBase"]
[SourceDate "2012.10.19"]
[SourceVersion "1"]
[SourceVersionDate "2012.10.19"]
[SourceQuality "1"]

1. e4 c6 2. d4 d5 3. exd5 cxd5 4. c4 e6 5. Nc3 Nf6 6. Nf3 Be7 7. cxd5 Nxd5 8. Bd3 0-0 9. 0-0 Nc6 10. Re1 Bf6 11. Be4 Nce7 12. Qd3 g6 13. Ne5 Bg7 14. a3 Bd7 15. Qh3 f5 16. Bf3 Rc8 17. Bd2 Bxe5 18. dxe5 Nxc3 19. Bxc3 Nc6 20. Rad1 Qe8 21. Rd3 Rf7 22. Red1 Rg7 23. Qh6 Nd8 24. Qd2 Rc7 25. Qe3 Nf7 26. Qxa7 g5 27. Bh5 h6 28. Ba5 Bb5 29. Rd8 Qxd8 30. Rxd8+ Nxd8 31. Bxc7 Rxc7 32. h3 Rc8 33. Qb6 Bd3 34. Qd6 Bb1 35. Qd7 Rb8 36. Bg6 Kf8 37. Qh7 g4 38. Qxh6+ Kg8 39. Qh7+ Kf8 40. Qh8+ 1-0

[Event "EU-ch U16 Girls"]
[Site "Prague"]
[Date "2012.08.18"]
[Round "2"]
[White "Bivol, Alina"]
[Black "Nicolajsen, Thea"]
[Result "1-0"]
[WhiteElo "2142"]
[BlackElo "1691"]
[PlyCount "67"]
[EventDate "2012.08.17"]
[EventType "swiss"]
[EventRounds "9"]
[EventCountry "CZE"]
[SourceTitle "CBM 150 Extra"]
[Source "ChessBase"]
[SourceDate "2012.10.19"]
[SourceVersion "1"]
[SourceVersionDate "2012.10.19"]
[SourceQuality "1"]

1. e4 c6 2. d4 d5 3. f3 dxe4 4. fxe4 e5 5. Nf3 Bg4 6. Bc4 Nd7 7. 0-0 Ngf6 8. c3 Be7 9. Be3 0-0 10. Nbd2 Qc7 11. Qe1 Bd6 12. Qh4 Be7 13. Qg3 Bd6 14. Qh4 Bh5 15. dxe5 Bxe5 16. Nxe5 Qxe5 17. Rf5 Qc7 18. e5 Bg6 19. Rg5 Nd5 20. Bd4 b5 21. Bb3 a5 22. Nf3 a4 23. Bxd5 cxd5 24. Rxg6 fxg6 25. Ng5 h6 26. Ne6 Qc4 27. Nxf8 Nxf8 28. Qe7 Qc6 29. Rf1 Re8 30. Rxf8+ Rxf8 31. e6 Rf6 32. Bxf6 gxf6 33. Qf7+ Kh8 34. Qxf6+ 1-0

[Event "Pige NM B"]
[Site "Jetsmark"]
[Date "2011.04.08"]
[Round "1"]
[White "Bengtsson, Jessica"]
[Black "Nicolajsen, Thea"]
[Result "1-0"]
[WhiteElo "1799"]
[BlackElo "1666"]
[PlyCount "63"]
[EventDate "2011.04.08"]
[EventType "swiss"]
[EventRounds "5"]
[EventCountry "DEN"]
[SourceTitle "EXT 2023"]
[Source "ChessBase"]
[SourceDate "2022.10.05"]
[SourceVersion "1"]
[SourceVersionDate "2022.10.05"]
[SourceQuality "1"]

1. e4 c5 2. c3 Nf6 3. e5 Nd5 4. d4 cxd4 5. Nf3 e6 6. cxd4 b6 7. Nc3 Nxc3 8. bxc3 Qc7 9. Bd2 Bb7 10. Bd3 d6 11. 0-0 Nd7 12. Ng5 g6 13. Qg4 Be7 14. Rae1 dxe5 15. f4 Nf6 16. Qh3 e4 17. Nxe4 Nxe4 18. Bxe4 Bxe4 19. Rxe4 Qc4 20. Qf3 Qd5 21. Qe2 Rc8 22. Rf3 Rc7 23. Rd3 Rg8 24. Re5 Qxa2 25. Qe4 Kf8 26. h3 Qb1+ 27. Kh2 Bf6 28. d5 Bxe5 29. fxe5 exd5 30. Bh6+ Ke7 31. Qxd5 Rgc8 32. Qd6+ 1-0